00325nam a2200121Ia 4500008004100000041000800041082001600049100002000065245004500085260003500130300003100165365000700196240624s9999 xx 000 0 und d aeng a658.827 DRA aDRAWBAUGH KEVIN aBRANDS IN BALANCE MEETING THE CHALLENGES c2001aDelhibPearson Education avii, : 278 : p. : cm. ; 24 cRS